Phobias quiz - Statistics

General Stats
  • This quiz has been taken 136 times
  • The average score is 16 of 40
Answer Stats
Phobia Fear of... % Correct
1) Arachnophobia spiders
98%
11) Aquaphobia water
85%
36) Zoophobia animals
79%
4) Acrophobia heights
74%
5) Aerophobia flying
72%
31) Numerophobia numbers
72%
12) Hemophobia blood
71%
27) Pyrophobia fire
69%
33) Technophobia technology
69%
30) Necrophobia death
68%
38) Bibliophobia books
62%
16) Trypophobia holes
61%
37) Xenophobia foreigners
56%
13) Glossophobia public speaking
51%
25) Thalassophobia ocean
45%
26) Phasmophobia ghosts
44%
20) Orinthophobia birds
41%
8) Emetophobia vomiting
41%
10) Ophidiophobia snakes
36%
23) Coulrophobia clowns
35%
18) Nyctophobia darkness
35%
28) Dendrophobia trees
35%
2) Claustrophobia closed spaces
34%
22) Ambulophobia walking
29%
17) Iatraphobia doctors
26%
14) Nosocomephobia hospitals
22%
6) Trypanophobia needles
21%
7) Mysophobia germs
20%
32) Phonophobia loud noises
20%
39) Globophobia balloons
15%
3) Algophobia pain
15%
34) Heliophobia sunlight
15%
40) Hodophobia travel
14%
28) Galeophobia sharks
13%
15) Atychiphobia failure
11%
19) Chionophobia snow
11%
9) Astraphobia thunderstorms
9%
35) Veloxrotaphobia roller coasters
7%
24) Haphephobia touch
7%
21) Spheksophobia wasps
6%
No matching quizzes found
Score Distribution
Percent of People with Each Score
Percentile by Number Answered
Your Score History
You have not taken this quiz